000 00213nam a2200109Ia 4500
100 _a#N/A
942 _cBK
654 _asplinter cell
245 _aspinter cell ;Chaos Theory
260 _b#N/A
546 _aENGLISH
999 _c35701
_d35701